[Event "14. Lichtenberger Sommer"]
[Site "14. Lichtenberger Sommer"]
[Date "2015.08.16"]
[Round "2.35"]
[White "Roth, Josef"]
[Black "Weber, Sandra"]
[Result "1/2-1/2"]
[WhiteElo "2101"]
[BlackElo "1837"]
[PlyCount "58"]
[EventDate "2015.??.??"]
[WhiteTeam "SK König Tegel"]
[BlackTeam "SV Stuttgart-Wolfbusch"]

1. e4 c5 2. Nf3 Nc6 3. c4 g6 4. d4 cxd4 5. Nxd4 Bg7 6. Be3 d6 7. Nc3 Nf6 8. Be2
O-O 9. O-O Bd7 10. Rc1 a6 11. a4 Rc8 12. f3 Be6 13. b3 Nd7 14. Nd5 Bxd5 15.
exd5 Nxd4 16. Bxd4 Bxd4+ 17. Qxd4 Qb6 18. Qxb6 Nxb6 19. a5 Nd7 20. b4 Rc7 21.
Rc2 Rfc8 22. Rfc1 Nf6 23. Bd3 Kg7 24. Kf2 e6 25. dxe6 fxe6 26. g4 Rf8 27. Ke3
Rcf7 28. h3 d5 29. f4 Rd8 1/2-1/2

[Event "14. Lichtenberger Sommer"]
[Site "14. Lichtenberger Sommer"]
[Date "2015.08.16"]
[Round "2.36"]
[White "Landt, Stefan"]
[Black "McGowan, Daniel"]
[Result "1/2-1/2"]
[WhiteElo "1903"]
[BlackElo "2120"]
[PlyCount "71"]
[EventDate "2015.??.??"]
[WhiteTeam "SV Berolina Mitte"]
[BlackTeam "SF 1903 Berlin"]

1. d4 e6 2. c4 Nf6 3. Nc3 d5 4. cxd5 exd5 5. Bg5 c6 6. e3 Be7 7. Qc2 Nbd7 8.
Bd3 Nf8 9. Nf3 g6 10. O-O Ne6 11. Bh4 O-O 12. Rab1 Ng7 13. b4 a6 14. a4 Nf5 15.
Bxf6 Bxf6 16. b5 axb5 17. axb5 Ne7 18. bxc6 bxc6 19. Na4 Bg4 20. Nd2 Qd6 21. h3
Bf5 22. Bxf5 Nxf5 23. Rfc1 Bxd4 24. exd4 Nxd4 25. Qd1 Rfe8 26. Nc3 Re6 27. Nf3
Nxf3+ 28. Qxf3 Rae8 29. g3 d4 30. Na4 d3 31. Rd1 Qd4 32. Nb2 d2 33. Nd3 c5 34.
Rxd2 c4 35. Rbd1 cxd3 36. Rxd3 1/2-1/2

[Event "14. Lichtenberger Sommer"]
[Site "14. Lichtenberger Sommer"]
[Date "2015.08.16"]
[Round "2.37"]
[White "Brümmel, Arend"]
[Black "Heldt, Ronny"]
[Result "1-0"]
[WhiteElo "2154"]
[BlackElo "1922"]
[PlyCount "144"]
[EventDate "2015.??.??"]
[WhiteTeam "Stader SV"]
[BlackTeam "SC Kreuzberg"]

1. d4 Nf6 2. c4 g6 3. Nc3 Bg7 4. e4 d6 5. Nf3 O-O 6. Be2 Nbd7 7. O-O e5 8. Be3
exd4 9. Nxd4 Nc5 10. f3 a5 11. Qd2 Be6 12. Rfd1 Nfd7 13. Rac1 f5 14. Nxe6 Nxe6
15. Qd5 Qe7 16. c5 Ndxc5 17. Bc4 Kh8 18. exf5 Rxf5 19. Qd2 Qh4 20. Bd5 c6 21.
g3 Qh3 22. Bc4 Rxf3 23. Bf1 Qf5 24. Bg2 d5 25. Bxf3 Qxf3 26. Rf1 Qg4 27. Qe2
Qxe2 28. Nxe2 Nd3 29. Rc2 Nxb2 30. Rf7 Nc4 31. Bc1 Rb8 32. Re7 Nd4 33. Nxd4
Bxd4+ 34. Kg2 b5 35. Rc7 c5 36. Re2 Nd6 37. Rd7 Nf5 38. g4 Ng7 39. Rxd5 Kg8 40.
Bb2 Bxb2 41. Rxb2 Ne6 42. Rf2 c4 43. Rf6 Nc7 44. Rd7 Ne8 45. Rc6 a4 46. Kf3 b4
47. Rxc4 b3 48. axb3 axb3 49. Rc1 Nf6 50. Rd2 b2 51. Rb1 Rb3+ 52. Kg2 Nxg4 53.
Rbxb2 Ne3+ 54. Kg1 Rxb2 55. Rxb2 Nf5 56. Rb7 Nd6 57. Ra7 Nf7 58. Kf2 Kg7 59.
Kf3 Kf6 60. Kf4 Ng5 61. Ra6+ Ne6+ 62. Ke4 Kf7 63. Ke5 Ng5 64. Ra7+ Kf8 65. h4
Nf7+ 66. Kf6 Nd6 67. Ra8+ Ne8+ 68. Ke6 h6 69. Rb8 g5 70. h5 g4 71. Kd7 Kf7 72.
Rxe8 g3 1-0

[Event "14. Lichtenberger Sommer"]
[Site "14. Lichtenberger Sommer"]
[Date "2015.08.16"]
[Round "2.38"]
[White "Kreutzmann, Duke"]
[Black "Relea, Nicolas"]
[Result "1-0"]
[WhiteElo "1835"]
[BlackElo "2085"]
[PlyCount "101"]
[EventDate "2015.??.??"]
[WhiteTeam "Düsseldorfer SK"]
[BlackTeam "Club d'Echecs de Condom"]

1. c4 e5 2. Nc3 Nc6 3. g3 f5 4. Bg2 Nf6 5. e3 d5 6. cxd5 Nb4 7. d3 c6 8. a3
Nbxd5 9. Nge2 Be6 10. O-O Bd6 11. e4 fxe4 12. dxe4 Nxc3 13. Nxc3 O-O 14. Qc2
Ng4 15. h3 Nxf2 16. Rxf2 Bc5 17. Nd1 Qb6 18. b4 Bd4 19. Bb2 Rad8 20. Bxd4 Qxd4
21. Rc1 Rf7 22. Kh2 Rxf2 23. Nxf2 Qe3 24. Rd1 Rf8 25. Nd3 b6 26. Qc1 Qe2 27.
Qd2 Qh5 28. Re1 g5 29. Qe3 Bxh3 30. Bxh3 g4 31. Nf2 gxh3 32. Nxh3 Rf3 33. Qg5+
Qxg5 34. Nxg5 Rxa3 35. Rc1 Rb3 36. Rxc6 Rxb4 37. Rc8+ Kg7 38. Rc7+ Kg6 39. Nf3
a5 40. Nxe5+ Kg5 41. Rc4 Rb2+ 42. Kh3 Kf6 43. Nf3 b5 44. Rc6+ Ke7 45. Ra6 a4
46. Nd4 Kd7 47. e5 Kc7 48. e6 Rb1 49. e7 Re1 50. Ne6+ Kd7 51. Ra7+ 1-0

[Event "14. Lichtenberger Sommer"]
[Site "14. Lichtenberger Sommer"]
[Date "2015.08.16"]
[Round "2.39"]
[White "Bonke, Hans-Jürgen"]
[Black "Stark, Ingo"]
[Result "0-1"]
[WhiteElo "1962"]
[BlackElo "2121"]
[PlyCount "80"]
[EventDate "2015.??.??"]
[WhiteTeam "SC Kreuzberg"]
[BlackTeam "TSG Oberschöneweide"]

1. d4 b5 2. Bf4 Bb7 3. e3 e6 4. Nf3 a6 5. Be2 Nf6 6. Nbd2 Be7 7. h3 d6 8. O-O
c5 9. c3 Nbd7 10. Re1 Qc7 11. Rc1 O-O 12. Bh2 Rfe8 13. Bd3 e5 14. e4 Bf8 15. d5
c4 16. Bf1 Rac8 17. b3 cxb3 18. axb3 g6 19. c4 b4 20. g4 Nc5 21. Qc2 Ra8 22.
Ra1 Bc8 23. Bg3 Bd7 24. Kh2 a5 25. Bh4 Bg7 26. Re3 Reb8 27. Bxf6 Bxf6 28. g5
Bg7 29. Bg2 Rf8 30. Ne1 f6 31. gxf6 Rxf6 32. f3 Bh6 33. Re2 Qc8 34. Nd3 Nxd3
35. Qxd3 Bf4+ 36. Kg1 Bxh3 37. Nf1 Qc5+ 38. Kh1 Bd7 39. Rea2 g5 40. Qe2 Rh6+
0-1

[Event "14. Lichtenberger Sommer"]
[Site "14. Lichtenberger Sommer"]
[Date "2015.08.16"]
[Round "2.40"]
[White "Simon, Ralf-Axel"]
[Black "Genot, Frank"]
[Result "1-0"]
[WhiteElo "2113"]
[BlackElo "1822"]
[PlyCount "73"]
[EventDate "2015.??.??"]
[WhiteTeam "TSG Neuruppin"]
[BlackTeam "Club du Canal St-Martin Paris"]

1. Nf3 c5 2. e4 Nc6 3. Bb5 e6 4. O-O Nge7 5. Nc3 a6 6. Bxc6 Nxc6 7. d4 cxd4 8.
Nxd4 Be7 9. Nxc6 bxc6 10. e5 O-O 11. Ne4 Qa5 12. Bf4 Qd5 13. Qe2 f5 14. exf6
gxf6 15. Rad1 Qf5 16. Bd6 Rf7 17. Bxe7 Rxe7 18. Qg4+ Qxg4 19. Nxf6+ Kg7 20.
Nxg4 Rb8 21. b3 Rb5 22. f4 h5 23. Ne5 Rd5 24. c4 Rxd1 25. Rxd1 Kf6 26. Kf2 Kf5
27. Ke3 h4 28. c5 Rg7 29. Kf3 Kf6 30. Nc4 Ke7 31. Nd6 Kd8 32. Re1 Rh7 33. Re5
Kc7 34. Kg4 a5 35. Rh5 Rg7+ 36. Kf3 Re7 37. Rxh4 1-0

[Event "14. Lichtenberger Sommer"]
[Site "14. Lichtenberger Sommer"]
[Date "2015.08.16"]
[Round "2.41"]
[White "Albert, Jörg"]
[Black "Jacob, Karl"]
[Result "1-0"]
[WhiteElo "2201"]
[BlackElo "1784"]
[PlyCount "49"]
[EventDate "2015.??.??"]
[WhiteTeam "SV Eiche Reichenbrand"]
[BlackTeam "SF Hettstedt"]

1. d4 f5 2. Nf3 e6 3. c3 d5 4. Bg5 Nf6 5. Nbd2 Be7 6. e3 Nbd7 7. Bd3 Ne4 8.
Bxe7 Qxe7 9. Qc2 c6 10. O-O O-O 11. Ne5 g5 12. Nxd7 Bxd7 13. Bxe4 fxe4 14. f3
exf3 15. Nxf3 c5 16. Qe2 a6 17. b3 Rac8 18. Ne5 cxd4 19. exd4 Rxf1+ 20. Rxf1
Rxc3 21. Qd2 Rc7 22. Rf7 Qd8 23. Qd3 Rc1+ 24. Kf2 Rf1+ 25. Qxf1 1-0

[Event "14. Lichtenberger Sommer"]
[Site "14. Lichtenberger Sommer"]
[Date "2015.08.16"]
[Round "2.42"]
[White "Nabel, Matthias"]
[Black "Nowka, Oliver"]
[Result "0-1"]
[WhiteElo "1802"]
[BlackElo "2071"]
[PlyCount "80"]
[EventDate "2015.??.??"]
[WhiteTeam "SV Motor Wildau"]
[BlackTeam "Thales (FV Schach)"]

1. d4 d6 2. Nf3 Bg4 3. Nbd2 Nd7 4. g3 Ngf6 5. c3 c6 6. Bg2 e6 7. O-O Be7 8. Qc2
O-O 9. e4 Qc7 10. Re1 e5 11. Nf1 Rfe8 12. Ne3 Bxf3 13. Bxf3 g6 14. Ng4 Nxg4 15.
Bxg4 exd4 16. cxd4 Bf6 17. Be3 Rad8 18. Rad1 Qa5 19. b3 Bg7 20. Bf3 c5 21. dxc5
dxc5 22. Bd2 Qb6 23. Bc3 Bxc3 24. Qxc3 Ne5 25. Bg2 Nc6 26. Rc1 Ne5 27. Rcd1 Rd4
28. Rxd4 cxd4 29. Qd2 Rd8 30. f4 Ng4 31. h3 Ne3 32. Rc1 h5 33. Qd3 h4 34. g4
Qf6 35. f5 Qe5 36. fxg6 fxg6 37. Re1 Rc8 38. b4 Qg3 39. Qb3+ Kg7 40. Qb2 Qxe1+
0-1

[Event "14. Lichtenberger Sommer"]
[Site "14. Lichtenberger Sommer"]
[Date "2015.08.16"]
[Round "2.43"]
[White "Schmalzried, Volker"]
[Black "Miersch, Marco"]
[Result "0-1"]
[WhiteElo "1881"]
[BlackElo "2137"]
[PlyCount "105"]
[EventDate "2015.??.??"]
[WhiteTeam "vereinslos"]
[BlackTeam "SV Berolina Mitte"]

1. c4 e5 2. Nc3 d6 3. g3 g6 4. Bg2 Bg7 5. Nf3 Nf6 6. d4 Nbd7 7. dxe5 dxe5 8.
O-O O-O 9. e4 c6 10. b4 a5 11. b5 Qe7 12. Rb1 Rd8 13. Qb3 Bf8 14. Bg5 h6 15.
Be3 Ng4 16. Na4 Nxe3 17. Qxe3 f6 18. Rfd1 Re8 19. Nb6 Nxb6 20. Qxb6 Qc5 21.
bxc6 bxc6 22. Nh4 Kf7 23. Qc7+ Re7 24. Qb6 Qxb6 25. Rxb6 Rc7 26. Rd8 Be7 27.
Rh8 Rd7 28. h3 Rc7 29. Rxh6 Be6 30. Rh7+ Kg8 31. Rh6 Kf7 32. Rh7+ Kg8 33. Rh6
Bf7 34. Nxg6 Kg7 35. Nxe7 Kxh6 36. Nf5+ Kh7 37. Bf1 Be6 38. Ne3 Kg7 39. h4 Kf7
40. Kg2 Ke7 41. Be2 Kd6 42. Rb2 Kc5 43. Rd2 Rb8 44. Rc2 Rcb7 45. Nd1 a4 46. Rc3
Rd8 47. Rc2 a3 48. Ne3 Rb2 49. h5 Rxc2 50. Nxc2 Rd2 51. h6 Bg8 52. Bh5 Rxc2 53.
Bf7 0-1

[Event "14. Lichtenberger Sommer"]
[Site "14. Lichtenberger Sommer"]
[Date "2015.08.16"]
[Round "2.44"]
[White "Hamann, Carsten"]
[Black "Sidabras, Jonas"]
[Result "1/2-1/2"]
[WhiteElo "2116"]
[BlackElo "1819"]
[PlyCount "104"]
[EventDate "2015.??.??"]
[WhiteTeam "Preetzer TSV"]
[BlackTeam "SC Kreuzberg"]

1. c4 c6 2. Nf3 d5 3. b3 Nf6 4. g3 Bf5 5. Bg2 h6 6. O-O e6 7. Bb2 Be7 8. d3 O-O
9. Nbd2 a5 10. a3 Nbd7 11. Qc2 Qb6 12. Bc3 Bc5 13. Qb2 Rfe8 14. b4 axb4 15.
axb4 Bf8 16. c5 Qc7 17. Ne5 b6 18. cxb6 Qxb6 19. Ndf3 c5 20. bxc5 Qxb2 21. Bxb2
Bxc5 22. Rfc1 Rxa1 23. Bxa1 Ra8 24. Nxd7 Nxd7 25. Nd4 Rxa1 26. Rxa1 Bxd4 27.
Ra8+ Nf8 28. h3 h5 29. e4 dxe4 30. dxe4 Bg6 31. Kf1 e5 32. f4 f6 33. f5 Bf7 34.
Bf3 g6 35. g4 hxg4 36. Bxg4 Kg7 37. Rc8 gxf5 38. Bxf5 Bg6 39. Bxg6 Nxg6 40. Kg2
Be3 41. Kf3 Bg5 42. Kg4 Nh4 43. Kh5 Kf7 44. Rc7+ Ke6 45. Rc6+ Ke7 46. Rb6 Nf3
47. Kg4 Nh4 48. Ra6 Kd7 49. Kh5 Ng2 50. Kg4 Nh4 51. Kh5 Nf3 52. Kg4 Nh4 1/2-1/2

[Event "14. Lichtenberger Sommer"]
[Site "14. Lichtenberger Sommer"]
[Date "2015.08.16"]
[Round "2.45"]
[White "Pluska, Alexander"]
[Black "Baranowsky, Peter"]
[Result "1-0"]
[WhiteElo "2030"]
[BlackElo "1972"]
[PlyCount "43"]
[EventDate "2015.??.??"]
[WhiteTeam "SK Doppelbauer Kiel"]
[BlackTeam "SF 1903 Berlin"]

1. d4 d5 2. c4 e6 3. Nc3 c6 4. Nf3 Nd7 5. e4 dxc4 6. Bxc4 b5 7. Bb3 b4 8. Ne2
Bb7 9. Nf4 Ngf6 10. Ng5 h6 11. Ngxe6 fxe6 12. e5 Nxe5 13. Nxe6 Qa5 14. Qe2 Rc8
15. Bf4 Ba6 16. Qxe5 Qxe5+ 17. Bxe5 Bd3 18. f3 Bf5 19. Kf2 Ke7 20. Rhe1 Ne4+
21. Rxe4 Bxe4 22. fxe4 1-0

[Event "14. Lichtenberger Sommer"]
[Site "14. Lichtenberger Sommer"]
[Date "2015.08.16"]
[Round "2.46"]
[White "Osipenko, Pavel"]
[Black "Mayer, Herbert"]
[Result "0-1"]
[WhiteElo "2042"]
[BlackElo "1949"]
[PlyCount "176"]
[EventDate "2015.??.??"]
[WhiteTeam "Oryol"]
[BlackTeam "SC Rochade (Berlin)"]

1. e4 c6 2. d4 d5 3. Nc3 dxe4 4. Nxe4 Bf5 5. Ng3 Bg6 6. Nf3 Nd7 7. Be3 Qc7 8.
Bd3 e6 9. Qd2 Bd6 10. Ne4 Bxe4 11. Bxe4 Ngf6 12. Bd3 Nd5 13. O-O Nxe3 14. fxe3
O-O-O 15. c4 Rdf8 16. c5 Be7 17. b4 e5 18. Bf5 exd4 19. exd4 g6 20. Qe3 Bf6 21.
Bxd7+ Qxd7 22. Rad1 Qd5 23. Ne5 Bd8 24. a4 f6 25. Nd3 Re8 26. Qf2 Rhf8 27. Nf4
Qb3 28. b5 Qe3 29. Rfe1 Qxf2+ 30. Kxf2 Ba5 31. Rxe8+ Rxe8 32. Kf3 Bb4 33. Nd3
Bc3 34. Nf2 f5 35. Rd3 Ba5 36. Nd1 Re1 37. g4 fxg4+ 38. Kxg4 Bc7 39. h3 Rg1+
40. Kf3 Rh1 41. Ke4 Rf1 42. Ke3 Rh1 43. Kf2 Rh2+ 44. Kg1 Ra2 45. d5 cxd5 46.
Rxd5 Rxa4 47. c6 bxc6 48. bxc6 Rc4 49. Rd7 h5 50. Kf1 Rxc6 51. Rd3 Rf6+ 52. Kg2
Bb6 53. Nc3 Kb7 54. Ne4 Re6 55. Kf3 Kc6 56. Rc3+ Kd5 57. Rd3+ Kc4 58. Rd1 Bd4
59. Nd2+ Kd5 60. Kf4 Be3+ 61. Kf3 Bxd2 62. Rxd2+ Kc4 63. Ra2 a6 64. Kf4 Kb3 65.
Ra5 Rf6+ 66. Ke4 Kb4 67. Ra1 a5 68. Kd4 Rf4+ 69. Ke5 Rf3 70. Rg1 Rxh3 71. Rxg6
a4 72. Kd4 Rh4+ 73. Kd3 Rg4 74. Rb6+ Kc5 75. Rh6 h4 76. Kc3 Rg3+ 77. Kb2 h3 78.
Rh4 a3+ 79. Ka2 Kd5 80. Ka1 Ke5 81. Ka2 Kf5 82. Rh5+ Kg4 83. Rh8 Re3 84. Rh7
Kg3 85. Rg7+ Kf2 86. Rh7 Kg2 87. Kb1 h2 88. Rg7+ Rg3 0-1

[Event "14. Lichtenberger Sommer"]
[Site "14. Lichtenberger Sommer"]
[Date "2015.08.16"]
[Round "2.47"]
[White "Zenkner, Christian"]
[Black "Rodmacq, Clement"]
[Result "1/2-1/2"]
[WhiteElo "1919"]
[BlackElo "2039"]
[PlyCount "38"]
[EventDate "2015.??.??"]
[WhiteTeam "SC Zugzwang 95 (Berlin)"]
[BlackTeam "La Diagonale - Eybens"]

1. d4 Nf6 2. c4 e5 3. dxe5 Ne4 4. Nf3 b6 5. Qd5 Bb7 6. Qxb7 Nc6 7. Nd4 Bb4+ 8.
Nc3 O-O 9. Nxc6 dxc6 10. a3 Nxc3 11. Bd2 Ne4 12. Bxb4 Qd4 13. f3 Qxb2 14. Rd1
Rad8 15. fxe4 Rxd1+ 16. Kxd1 Rd8+ 17. Ke1 Qc1+ 18. Kf2 Qf4+ 19. Ke1 Qc1+
1/2-1/2

[Event "14. Lichtenberger Sommer"]
[Site "14. Lichtenberger Sommer"]
[Date "2015.08.16"]
[Round "2.48"]
[White "Birkestrand, Odd"]
[Black "Donath, Johann"]
[Result "0-1"]
[WhiteElo "1789"]
[BlackElo "2060"]
[PlyCount "68"]
[EventDate "2015.??.??"]
[WhiteTeam "Masfjorden Sjakklubb"]
[BlackTeam "BSV 63 Chemie Weißensee"]

1. e4 e5 2. Nf3 Nc6 3. Bc4 Bc5 4. c3 Nf6 5. O-O Nxe4 6. d4 d5 7. Bb5 exd4 8.
cxd4 Be7 9. Ne5 Bd7 10. Nxd7 Qxd7 11. Be3 O-O 12. f3 Nd6 13. Ba4 Bf6 14. Nc3
Nc4 15. Bc1 Nb6 16. Be3 Nc4 17. Bc1 Rfe8 18. b3 Nb6 19. Bxc6 Qxc6 20. Bb2 Nc8
21. Rc1 Qd7 22. Qd3 c6 23. Rce1 Nd6 24. g4 h5 25. h3 Qc7 26. Kg2 Bh4 27. Re5
Bf6 28. Nxd5 cxd5 29. Rxh5 g6 30. Rxd5 Rad8 31. g5 Bg7 32. Rc5 Qe7 33. Kf2 Nf5
34. Qd2 Qxc5 0-1

[Event "14. Lichtenberger Sommer"]
[Site "14. Lichtenberger Sommer"]
[Date "2015.08.16"]
[Round "2.49"]
[White "Segerberg, Tomas"]
[Black "Rudolph, Stephanie"]
[Result "1-0"]
[WhiteElo "2073"]
[BlackElo "1910"]
[PlyCount "44"]
[EventDate "2015.??.??"]
[WhiteTeam "Narva Berlin"]
[BlackTeam "SF Friedrichshagen"]

1. c4 c5 2. Nf3 Nf6 3. d4 cxd4 4. Nxd4 b6 5. Nc3 Bb7 6. f3 d6 7. e4 e6 8. Be3
a6 9. Be2 Nbd7 10. O-O Be7 11. Qd2 O-O 12. a4 Qc7 13. a5 bxa5 14. Nb3 Rfb8 15.
Nxa5 Bc8 16. Rfc1 Nc5 17. b4 Rxb4 18. Nb5 axb5 19. Qxb4 bxc4 20. Nxc4 Rb8 21.
Qa5 Qd7 22. Rd1 Qb7 1-0

[Event "14. Lichtenberger Sommer"]
[Site "14. Lichtenberger Sommer"]
[Date "2015.08.16"]
[Round "2.50"]
[White "Kling, Maximilian"]
[Black "Guenther, Thomas"]
[Result "0-1"]
[WhiteElo "1759"]
[BlackElo "2081"]
[PlyCount "86"]
[EventDate "2015.??.??"]
[WhiteTeam "SK Kriegshaber"]
[BlackTeam "SV Senat (FV Schach)"]

1. e4 c5 2. Nf3 Nc6 3. Bb5 g6 4. O-O Bg7 5. c3 Nf6 6. Re1 O-O 7. d4 cxd4 8.
cxd4 a6 9. Bf1 d5 10. e5 Ne4 11. Nc3 Bg4 12. Nxe4 dxe4 13. Rxe4 Bxf3 14. gxf3
Bxe5 15. Bh6 Bg7 16. Bxg7 Kxg7 17. d5 Na7 18. Qd4+ Kg8 19. Qd2 Qd6 20. Qh6 Qf6
21. Rh4 Qg7 22. Qxg7+ Kxg7 23. Re4 Rfe8 24. Rc1 Rac8 25. Rxc8 Nxc8 26. Rc4 Nd6
27. Rc7 Kf6 28. Bh3 Ke5 29. Bd7 Rd8 30. Bh3 Kxd5 31. Rxe7 Re8 32. Rxe8 Nxe8 33.
Bf1 Nd6 34. Be2 Nc4 35. b3 Nd2 36. b4 Nc4 37. Kf1 Kd4 38. Ke1 Kc3 39. Bxc4 Kxc4
40. a3 Kb3 41. Kd2 b5 42. f4 Kxa3 43. Kc3 Ka4 0-1

[Event "14. Lichtenberger Sommer"]
[Site "14. Lichtenberger Sommer"]
[Date "2015.08.16"]
[Round "2.51"]
[White "Wirth, Heinz"]
[Black "Ziems, Michael"]
[Result "1-0"]
[WhiteElo "2021"]
[BlackElo "1821"]
[PlyCount "69"]
[EventDate "2015.??.??"]
[WhiteTeam "SC Weisse Dame (Berlin)"]
[BlackTeam "SV Empor Berlin"]

1. e4 e6 2. d3 d5 3. Nd2 c5 4. Ngf3 Nc6 5. g3 Nf6 6. Bg2 dxe4 7. dxe4 Be7 8.
O-O e5 9. c3 O-O 10. Qc2 h6 11. Nc4 Qc7 12. Re1 Be6 13. Ne3 Rfd8 14. Nh4 Bf8
15. Nef5 Kh7 16. Bd2 Bc4 17. Rad1 Bd3 18. Qc1 Rd7 19. Bh3 Rdd8 20. Nxg7 Bxg7
21. Bf5+ Kh8 22. Bxh6 Ng8 23. Bxg7+ Kxg7 24. Qg5+ Kf8 25. Bh7 Nce7 26. Nf5 Ng6
27. Bxg8 Bxe4 28. Qh6+ Ke8 29. Rxd8+ Rxd8 30. Rxe4 Rd1+ 31. Kg2 Qc6 32. Qe3 Qa6
33. Qe2 Nf4+ 34. gxf4 Qg6+ 35. Ng3 1-0

[Event "14. Lichtenberger Sommer"]
[Site "14. Lichtenberger Sommer"]
[Date "2015.08.16"]
[Round "2.52"]
[White "Möller, Dirk"]
[Black "Hoffmann, Andreas"]
[Result "0-1"]
[WhiteElo "1571"]
[BlackElo "2015"]
[PlyCount "54"]
[EventDate "2015.??.??"]
[WhiteTeam "SC Kreuzberg"]
[BlackTeam "Thales (FV Schach)"]

1. e4 e5 2. f4 Qh4+ 3. g3 Qe7 4. Qf3 Nc6 5. Ne2 Nf6 6. Nbc3 d6 7. d3 Bg4 8. Qf2
Bxe2 9. Nxe2 d5 10. Nc3 exf4 11. Qxf4 O-O-O 12. Bh3+ Kb8 13. O-O Qc5+ 14. Rf2
d4 15. Nd1 Qh5 16. Kg2 Qxd1 17. g4 h5 18. Rd2 Qe1 19. g5 Bd6 20. Qf3 Ne5 21.
Qg3 Qxg3+ 22. hxg3 Nfg4 23. Bxg4 hxg4 24. a3 Nf3 25. Re2 Rh3 26. Bf4 Rh2+ 27.
Kf1 Rh1+ 0-1

[Event "14. Lichtenberger Sommer"]
[Site "14. Lichtenberger Sommer"]
[Date "2015.08.16"]
[Round "2.53"]
[White "Federau, Jürgen"]
[Black "Semenishchev, Vladimir"]
[Result "1-0"]
[WhiteElo "2121"]
[BlackElo "750"]
[PlyCount "65"]
[EventDate "2015.??.??"]
[WhiteTeam "SC Kreuzberg e.V."]
[BlackTeam "SC Friesen Lichtenberg"]

1. d4 d5 2. Nf3 Nc6 3. Bf4 Bf5 4. e3 e6 5. Bd3 Bxd3 6. Qxd3 Bd6 7. Bxd6 cxd6 8.
O-O Nf6 9. Nbd2 O-O 10. c4 dxc4 11. Nxc4 d5 12. Ncd2 Nb4 13. Qb5 Nc2 14. Rac1
Rc8 15. Qb3 Qc7 16. Ne5 h6 17. Nb1 Ne4 18. f3 Ng5 19. Na3 f6 20. Rxc2 Qd8 21.
Rxc8 Qxc8 22. Nd3 g6 23. Rc1 Qe8 24. Rc7 Rf7 25. Qxb7 Rxc7 26. Qxc7 Qa4 27. Qc2
Qe8 28. Nf4 Kg7 29. h4 Nf7 30. Qxg6+ Kf8 31. Qxf6 Qc8 32. Ng6+ Ke8 33. Qe7# 1-0

[Event "14. Lichtenberger Sommer"]
[Site "14. Lichtenberger Sommer"]
[Date "2015.08.16"]
[Round "2.54"]
[White "Zur, Jan"]
[Black "Zesewitz, Maik"]
[Result "1-0"]
[WhiteElo "2103"]
[BlackElo "1652"]
[PlyCount "59"]
[EventDate "2015.??.??"]
[WhiteTeam "SC Rotation Pankow"]
[BlackTeam "SF Friedrichshagen"]

1. e4 d6 2. d4 g6 3. Nc3 Bg7 4. Nf3 Nf6 5. Be3 O-O 6. Qd2 Ng4 7. Bg5 h6 8. Bh4
Nc6 9. O-O-O Nf6 10. d5 Nb8 11. Bc4 c5 12. e5 Nfd7 13. exd6 g5 14. dxe7 Qxe7
15. Bg3 Nb6 16. Bd3 c4 17. d6 Qd8 18. Be2 Nc6 19. Nd5 Nxd5 20. Qxd5 Be6 21. Qe4
Qb6 22. c3 Qc5 23. Nd4 Nxd4 24. cxd4 Qd5 25. Qxd5 Bxd5 26. f3 Rfe8 27. Rhe1 f5
28. Be5 Bxe5 29. dxe5 Rxe5 30. Bxc4 1-0

[Event "14. Lichtenberger Sommer"]
[Site "14. Lichtenberger Sommer"]
[Date "2015.08.16"]
[Round "2.55"]
[White "Janse, Sebastaan"]
[Black "Kather, Yannick"]
[Result "0-1"]
[WhiteElo "1725"]
[BlackElo "2041"]
[PlyCount "62"]
[EventDate "2015.??.??"]
[WhiteTeam "SSV Klim-Op"]
[BlackTeam "SC Weisse Dame (Berlin)"]

1. e4 c5 2. Nc3 Nc6 3. f4 g6 4. Nf3 Bg7 5. Bc4 e6 6. O-O Nge7 7. e5 d5 8. exd6
Qxd6 9. d3 b6 10. Ne4 Qc7 11. Qe1 Bb7 12. Neg5 Nd4 13. Nxd4 Bxd4+ 14. Kh1 Qc6
15. Qe2 O-O 16. c3 Bg7 17. a4 a6 18. Nf3 b5 19. Bb3 Nf5 20. Kg1 b4 21. Ne5 Qd6
22. Bd2 Rad8 23. Bc4 a5 24. Rac1 Ba8 25. Rfe1 Nh4 26. g3 Bxe5 27. fxe5 Qc6 28.
gxh4 Qh1+ 29. Kf2 Qxh2+ 30. Kf1 Qh1+ 31. Kf2 Qg2+ 0-1

[Event "14. Lichtenberger Sommer"]
[Site "14. Lichtenberger Sommer"]
[Date "2015.08.16"]
[Round "2.56"]
[White "Nötzel, Felix"]
[Black "Schmidt, Rico"]
[Result "1-0"]
[WhiteElo "2103"]
[BlackElo "1828"]
[PlyCount "53"]
[EventDate "2015.??.??"]
[WhiteTeam "SF 1903 Berlin"]
[BlackTeam "SG Weißensee 49"]

1. e4 Nf6 2. Nc3 d5 3. e5 d4 4. Nce2 Ng4 5. f4 c5 6. Nf3 Nc6 7. d3 e6 8. h3 Nh6
9. g3 b6 10. Bg2 Bb7 11. O-O Qc7 12. a3 Be7 13. Qe1 O-O 14. g4 Rfe8 15. Qg3 Kh8
16. Bd2 Qd7 17. Rae1 b5 18. Qf2 Rad8 19. Ng3 c4 20. f5 exf5 21. Bxh6 gxh6 22.
Nxf5 h5 23. Nh6 Kg7 24. Nxf7 Kxf7 25. Ng5+ Kg6 26. Qf7+ Kxg5 27. Qxh5# 1-0

[Event "14. Lichtenberger Sommer"]
[Site "14. Lichtenberger Sommer"]
[Date "2015.08.16"]
[Round "2.57"]
[White "Woinowski, Michael"]
[Black "Wörz, Markus"]
[Result "0-1"]
[WhiteElo "1748"]
[BlackElo "2065"]
[PlyCount "79"]
[EventDate "2015.??.??"]
[WhiteTeam "SC Kreuzberg"]
[BlackTeam "SC Kreuzberg"]

1. e4 e5 2. Nf3 Nc6 3. Bb5 a6 4. Ba4 Nf6 5. O-O Be7 6. Re1 b5 7. Bb3 d6 8. c3
O-O 9. h3 Na5 10. Bc2 c5 11. d4 Bb7 12. Nbd2 cxd4 13. cxd4 Qc7 14. d5 Rac8 15.
Bb1 Nd7 16. b3 Qc3 17. b4 Qxa1 18. bxa5 Qc3 19. Nb3 Qc7 20. Bd2 Nf6 21. Nc1 g6
22. g4 h5 23. gxh5 Nxh5 24. Ne2 Qd7 25. Kh2 Rc7 26. Bh6 Bc8 27. Neg1 Re8 28.
Bd3 Bf6 29. Qd2 Qe7 30. Ne2 Qd7 31. Neg1 Bg7 32. Bf1 Qe7 33. h4 Bxh6 34. Qxh6
Qf8 35. Qg5 Kh7 36. Qg2 f6 37. Ne2 Qh6 38. Ng3 Nf4 39. Qg1 Bg4 40. h5 0-1

[Event "14. Lichtenberger Sommer"]
[Site "14. Lichtenberger Sommer"]
[Date "2015.08.16"]
[Round "2.58"]
[White "Farnault, Eric"]
[Black "Fiedler, Ronald"]
[Result "1/2-1/2"]
[WhiteElo "2032"]
[BlackElo "1692"]
[PlyCount "42"]
[EventDate "2015.??.??"]
[WhiteTeam "La Diagonale - Eybens"]
[BlackTeam "Läufer Reinickendorf"]

1. e4 c5 2. Nf3 d6 3. d4 cxd4 4. Nxd4 Nf6 5. Nc3 a6 6. Rg1 e5 7. Nb3 Be6 8. g4
d5 9. g5 Nxe4 10. Nxe4 dxe4 11. Qxd8+ Kxd8 12. Be3 Nd7 13. O-O-O Kc7 14. Bg2 f5
15. gxf6 Nxf6 16. Bh1 Bg4 17. Rde1 Re8 18. Bc5 g6 19. Rg3 Bf5 20. Rc3 Nd5 21.
Rc4 b5 1/2-1/2

[Event "14. Lichtenberger Sommer"]
[Site "14. Lichtenberger Sommer"]
[Date "2015.08.16"]
[Round "2.59"]
[White "Wölfert, Jürgen"]
[Black "Hahlbohm, Matthias"]
[Result "0-1"]
[WhiteElo "1776"]
[BlackElo "2069"]
[PlyCount "117"]
[EventDate "2015.??.??"]
[WhiteTeam "BSC Rehberge 1945 e.V."]
[BlackTeam "TSG Oberschöneweide"]

1. c4 e6 2. Nf3 d5 3. g3 Nf6 4. Bg2 Be7 5. O-O O-O 6. b3 d4 7. d3 Nc6 8. Na3 e5
9. Nc2 h6 10. Rb1 a5 11. a3 Bf5 12. b4 axb4 13. axb4 e4 14. Nh4 exd3 15. exd3
Bg4 16. Qd2 Qd7 17. Re1 Rfe8 18. b5 Nd8 19. Nf3 Bxf3 20. Bxf3 Ra2 21. Rb2 Ra7
22. Qd1 Ne6 23. Bd2 Nc5 24. Bb4 Na4 25. Rb3 Bxb4 26. Rxe8+ Nxe8 27. Nxb4 Nc3
28. Qe1 Nf6 29. Kg2 Qd6 30. Qd2 Nd7 31. Nd5 Nxd5 32. Bxd5 Nf6 33. Bf3 b6 34.
Rb1 Ra3 35. Re1 Kh7 36. g4 g6 37. h4 Nd7 38. Be4 Kg7 39. f4 Nc5 40. Re2 Rc3 41.
g5 hxg5 42. hxg5 Nb3 43. Qe1 Qxf4 44. Qg3 Qxg3+ 45. Kxg3 Nc5 46. Kf4 Ne6+ 47.
Ke5 Rc1 48. Ra2 Rg1 49. Rg2 Rxg2 50. Bxg2 Nxg5 51. Kxd4 Kf6 52. Kd5 Ke7 53. d4
Ne6 54. Kc6 Kd8 55. d5 Nd4+ 56. Kb7 Kd7 57. c5 bxc5 58. b6 cxb6 59. Kxb6 0-1